[Event "Aguascalientes 2nd"]
[Site "Aguascalientes"]
[Date "2024.08.08"]
[Round "3"]
[White "Fernandez Pozas, Pablo Antonio"]
[Black "Hernandez Rendon, Carlos A"]
[Result "1/2-1/2"]
[WhiteElo "2129"]
[BlackElo "1903"]
[PlyCount "95"]
[EventDate "2024.08.06"]
[EventType "swiss"]
[EventRounds "9"]
[EventCountry "MEX"]
[SourceTitle "CBM 221 Extra"]
[Source "ChessBase"]
[SourceDate "2024.09.30"]
[SourceVersion "1"]
[SourceVersionDate "2024.09.30"]
[SourceQuality "1"]

1. d4 Nf6 2. c4 g6 3. Nc3 d5 4. cxd5 Nxd5 5. e4 Nxc3 6. bxc3 Bg7 7. Nf3 c5 8. Rb1 0-0 9. Be2 cxd4 10. cxd4 Qa5+ 11. Qd2 Qxd2+ 12. Bxd2 b6 13. 0-0 Bb7 14. d5 Nd7 15. Bb4 Rac8 16. Bxe7 Rfe8 17. d6 Bxe4 18. Bb5 Bc6 19. a4 Bxb5 20. axb5 Rc5 21. Rfd1 Rec8 22. g3 h6 23. Rd2 Rc2 24. Rxc2 Rxc2 25. Rb4 Nc5 26. Nd4 Rd2 27. Nc6 Nb7 28. Nxa7 Nxd6 29. Bxd6 Rxd6 30. Nc8 Rd1+ 31. Kg2 Bf8 32. Rb2 Bc5 33. Na7 f5 34. Nc6 Kf7 35. h4 Ke6 36. Kf3 Kd5 37. Ke2 Rh1 38. Rd2+ Ke6 39. Rb2 g5 40. hxg5 hxg5 41. Kd3 Rd1+ 42. Ke2 Ra1 43. Kd3 Ra3+ 44. Kc4 Rf3 45. Nd4+ Bxd4 46. Kxd4 g4 47. Rc2 f4 48. gxf4 1/2-1/2

[Event "Titled Tuesday intern op 06th Aug Late"]
[Site "Chess.com INT"]
[Date "2024.08.06"]
[Round "3"]
[White "Joseph Benher, Savio"]
[Black "Fernandez Pozas, Pablo Antonio"]
[Result "1-0"]
[WhiteElo "2089"]
[BlackElo "2129"]
[PlyCount "101"]
[EventDate "2024.08.06"]
[EventType "swiss (blitz)"]
[EventRounds "11"]
[EventCountry "USA"]
[SourceTitle "EXT 2025"]
[Source "ChessBase"]
[SourceDate "2024.10.14"]
[SourceVersion "1"]
[SourceVersionDate "2024.10.14"]
[SourceQuality "1"]

1. e4 c6 2. d4 d5 3. e5 c5 4. dxc5 e6 5. a3 Bxc5 6. b4 Be7 7. Nf3 a5 8. b5 a4 9. Bd3 Nd7 10. 0-0 Nc5 11. Be3 Bd7 12. Nd4 h5 13. Nc3 Qc7 14. f4 Nh6 15. Nce2 Ng4 16. Bd2 Nxd3 17. cxd3 Bc5 18. Qb1 Qb6 19. Qb2 Nh6 20. Kh1 0-0 21. Bb4 Rfc8 22. Bxc5 Rxc5 23. Rac1 Ng4 24. h3 Rxc1 25. Rxc1 Nf2+ 26. Kh2 Nxd3 27. Qc3 Nxc1 28. Qxc1 Rc8 29. Qb2 Rc4 30. Nf3 Qxb5 31. Qd2 Qb3 32. f5 d4 33. Nexd4 Qxa3 34. f6 g6 35. Qh6 Qf8 36. Qg5 a3 37. Qd2 Qc5 38. Qh6 Qf8 39. Qd2 a2 40. Qxa2 b5 41. Qd2 Qa8 42. Qh6 Qf8 43. Qd2 b4 44. Qb2 Bc6 45. Nxc6 Rxc6 46. Qd4 Rc8 47. Ng5 Rb8 48. Qb2 b3 49. Ne4 Qc8 50. Nd6 Qc4 51. Nxc4 1-0

[Event "Titled Tuesday intern op 30th Jul Early"]
[Site "Chess.com INT"]
[Date "2024.07.30"]
[Round "3"]
[White "Alvarez Fernandez, Enrique"]
[Black "Fernandez Pozas, Pablo Antonio"]
[Result "1-0"]
[WhiteElo "2299"]
[BlackElo "2126"]
[PlyCount "61"]
[EventDate "2024.07.30"]
[EventType "swiss (blitz)"]
[EventRounds "11"]
[EventCountry "USA"]
[SourceTitle "EXT 2025"]
[Source "ChessBase"]
[SourceDate "2024.10.14"]
[SourceVersion "1"]
[SourceVersionDate "2024.10.14"]
[SourceQuality "1"]

1. e4 e6 2. Qe2 Be7 3. Nf3 d5 4. d3 Nf6 5. g3 Nc6 6. Bg2 dxe4 7. dxe4 e5 8. c3 a5 9. a4 0-0 10. 0-0 b6 11. Rd1 Bd6 12. Na3 Ba6 13. Nb5 Na7 14. Bf1 Qd7 15. Nxe5 Qe8 16. Nc4 Nxb5 17. axb5 Bxb5 18. f3 Qe6 19. Bg5 Rfe8 20. b3 Nd7 21. Qg2 Bc5+ 22. Kh1 h6 23. Bf4 Rac8 24. Rd5 Bc6 25. Rd2 b5 26. Nxa5 Ba8 27. b4 Bb6 28. Bxb5 Red8 29. Bc4 Qe7 30. Rad1 Nf6 31. Nb3 1-0

[Event "Titled Tuesday intern op 30th Jul Late"]
[Site "Chess.com INT"]
[Date "2024.07.30"]
[Round "2"]
[White "Fernandez Pozas, Pablo Antonio"]
[Black "Fieberg, Samuel"]
[Result "0-1"]
[WhiteElo "2126"]
[BlackElo "2186"]
[PlyCount "72"]
[EventDate "2024.07.30"]
[EventType "swiss (blitz)"]
[EventRounds "11"]
[EventCountry "USA"]
[SourceTitle "EXT 2025"]
[Source "ChessBase"]
[SourceDate "2024.10.14"]
[SourceVersion "1"]
[SourceVersionDate "2024.10.14"]
[SourceQuality "1"]

1. Nf3 a6 2. d4 e6 3. g3 b5 4. Bg2 Bb7 5. 0-0 g6 6. a4 Bg7 7. axb5 axb5 8. Rxa8 Bxa8 9. Qd3 Bc6 10. e4 Ne7 11. Nc3 b4 12. Ne2 d5 13. e5 Nd7 14. Qb3 Bb5 15. Re1 c5 16. dxc5 Bxe2 17. Rxe2 Qa5 18. Bd2 Nc6 19. Qe3 Qxc5 20. Qf4 0-0 21. Be3 Qc4 22. Qxc4 dxc4 23. Bf4 Nb6 24. Rd2 Nd5 25. h4 Rc8 26. Ng5 h6 27. Bxd5 exd5 28. Nf3 g5 29. hxg5 hxg5 30. Nxg5 Nxe5 31. Rxd5 Ng6 32. Rd7 Nxf4 33. gxf4 Bxb2 34. Nxf7 b3 35. Nh6+ Kf8 36. Nf5 bxc2 0-1

[Event "Titled Tuesday intern op 30th Jul Late"]
[Site "Chess.com INT"]
[Date "2024.07.30"]
[Round "7"]
[White "Fernandez Pozas, Pablo Antonio"]
[Black "Nugumanov, Bakhtiyar"]
[Result "1/2-1/2"]
[WhiteElo "2126"]
[BlackElo "2288"]
[PlyCount "120"]
[EventDate "2024.07.30"]
[EventType "swiss (blitz)"]
[EventRounds "11"]
[EventCountry "USA"]
[SourceTitle "EXT 2025"]
[Source "ChessBase"]
[SourceDate "2024.10.14"]
[SourceVersion "1"]
[SourceVersionDate "2024.10.14"]
[SourceQuality "1"]

1. Nf3 Nf6 2. c4 g6 3. b3 Bg7 4. Bb2 0-0 5. g3 d6 6. d4 e5 7. dxe5 Ng4 8. Bg2 Nc6 9. 0-0 Ncxe5 10. Nxe5 Nxe5 11. Qd2 Nc6 12. Bxg7 Kxg7 13. Qc3+ Kg8 14. Nd2 Be6 15. Ne4 f5 16. Nd2 Qe7 17. Rfe1 Qf6 18. Qxf6 Rxf6 19. e4 Raf8 20. f4 Nd4 21. Rac1 c6 22. Nf3 Nxf3+ 23. Bxf3 fxe4 24. Bxe4 d5 25. cxd5 cxd5 26. Bg2 Rd8 27. Rc7 d4 28. Rd1 d3 29. Rd2 Bg4 30. Rxb7 Be2 31. Bf1 Bxf1 32. Kxf1 Rfd6 33. Rxa7 Rc8 34. Re7 Rc2 35. Ke1 Rc1+ 36. Kf2 Rc2 37. Ke1 Rc1+ 38. Kf2 Ra1 39. Re3 Ra6 40. Rexd3 R1xa2 41. Rxa2 Rxa2+ 42. Kf3 Kf7 43. h4 Rb2 44. Ke3 Ke6 45. Kd4 Kd6 46. Rf3 Ke6 47. Kc4 Kd6 48. Kb5 Kd5 49. f5 gxf5 50. Rxf5+ Ke4 51. Rf7 Rxb3+ 52. Kc4 Rxg3 53. Rxh7 Kf4 54. Rf7+ Ke3 55. h5 Rh3 56. Rf5 Ke4 57. Rg5 Kf4 58. Rd5 Kg4 59. Kc5 Rxh5 60. Rxh5 Kxh5 1/2-1/2

[Event "Titled Tuesday intern op 30th Jul Late"]
[Site "Chess.com INT"]
[Date "2024.07.30"]
[Round "6"]
[White "Padalka, Artem"]
[Black "Fernandez Pozas, Pablo Antonio"]
[Result "1-0"]
[WhiteElo "2177"]
[BlackElo "2126"]
[PlyCount "27"]
[EventDate "2024.07.30"]
[EventType "swiss (blitz)"]
[EventRounds "11"]
[EventCountry "USA"]
[SourceTitle "EXT 2025"]
[Source "ChessBase"]
[SourceDate "2024.10.14"]
[SourceVersion "1"]
[SourceVersionDate "2024.10.14"]
[SourceQuality "1"]

1. Nf3 d5 2. c4 e6 3. g3 f5 4. Bg2 Nf6 5. 0-0 c6 6. d3 Be7 7. cxd5 exd5 8. b3 0-0 9. Bb2 Kh8 10. Nbd2 Be6 11. Qc2 Nbd7 12. Nd4 Bg8 13. Nxf5 Bd6 14. Nxd6 1-0

[Event "Titled Tuesday intern op 23rd Jul Late"]
[Site "Chess.com INT"]
[Date "2024.07.23"]
[Round "4"]
[White "Fernandez Pozas, Pablo Antonio"]
[Black "Grozdanovic, Anastasia"]
[Result "0-1"]
[WhiteElo "2126"]
[BlackElo "2035"]
[PlyCount "186"]
[EventDate "2024.07.23"]
[EventType "swiss (blitz)"]
[EventRounds "11"]
[EventCountry "USA"]
[SourceTitle "EXT 2025"]
[Source "ChessBase"]
[SourceDate "2024.10.14"]
[SourceVersion "1"]
[SourceVersionDate "2024.10.14"]
[SourceQuality "1"]

1. Nf3 Nf6 2. c4 c6 3. d4 d5 4. g3 Bg4 5. Ne5 Bf5 6. Nc3 e6 7. Bg2 Nbd7 8. Nxd7 Qxd7 9. 0-0 Bd6 10. Qb3 0-0 11. c5 Be7 12. Rd1 Rfe8 13. a3 Bf8 14. Bg5 Qe7 15. f3 h6 16. Be3 e5 17. dxe5 Qxe5 18. Bd4 Qc7 19. e3 Nd7 20. Na4 h5 21. Rac1 Be7 22. Qc3 Bf6 23. b4 Bxd4 24. exd4 Nf6 25. Nb2 Qd7 26. Nd3 Bh3 27. Ne5 Qc8 28. Re1 Bxg2 29. Kxg2 Nd7 30. Nd3 Qc7 31. Qd2 g6 32. Qh6 Qd8 33. Nf4 Qf6 34. Rxe8+ Rxe8 35. Rd1 Qg7 36. Qg5 Qf6 37. Qxf6 Nxf6 38. Kf2 g5 39. Nd3 g4 40. Ne5 gxf3 41. Kxf3 Ne4 42. Kf4 f6 43. Nd3 Ng5 44. Re1 Ne6+ 45. Ke3 Kf7 46. Rf1 Nxc5+ 47. Ne5+ Kg7 48. bxc5 fxe5 49. Rf5 exd4+ 50. Kxd4 Re4+ 51. Kd3 Kg6 52. Rf8 Ra4 53. Rg8+ Kf5 54. Rb8 Rxa3+ 55. Kd4 Ra4+ 56. Kd3 Rc4 57. Rxb7 Rxc5 58. Rxa7 Rc4 59. Rg7 Kf6 60. Rg8 Rc1 61. Rh8 Kg5 62. Rg8+ Kf5 63. Rh8 Kg4 64. Rg8+ Kh3 65. Rh8 Kxh2 66. Rxh5+ Kxg3 67. Rh6 Kf3 68. Rf6+ Kg4 69. Kd4 Rc4+ 70. Kd3 Kg5 71. Rf2 c5 72. Rf8 Rf4 73. Rg8+ Kf5 74. Rf8+ Ke5 75. Re8+ Kd6 76. Rd8+ Kc6 77. Rc8+ Kb6 78. Rd8 Rd4+ 79. Kc3 Kc7 80. Rh8 Rg4 81. Rh6 Rg3+ 82. Kd2 c4 83. Kc2 Rd3 84. Rg6 Kd7 85. Rh6 Ke7 86. Rg6 Rf3 87. Ra6 Rf6 88. Ra5 Ke6 89. Ra6+ Ke5 90. Ra8 Kd4 91. Re8 Rf2+ 92. Kd1 Kd3 93. Rh8 Rf1# 0-1

[Event "Titled Tuesday intern op 23rd Jul Late"]
[Site "Chess.com INT"]
[Date "2024.07.23"]
[Round "1"]
[White "Fernandez Pozas, Pablo Antonio"]
[Black "Liu, Eric"]
[Result "0-1"]
[WhiteElo "2126"]
[BlackElo "2344"]
[PlyCount "96"]
[EventDate "2024.07.23"]
[EventType "swiss (blitz)"]
[EventRounds "11"]
[EventCountry "USA"]
[SourceTitle "EXT 2025"]
[Source "ChessBase"]
[SourceDate "2024.10.14"]
[SourceVersion "1"]
[SourceVersionDate "2024.10.14"]
[SourceQuality "1"]

1. Nf3 b6 2. g3 Bb7 3. Bg2 g6 4. c4 Bg7 5. 0-0 h5 6. h4 a5 7. Nc3 Nh6 8. d4 Na6 9. e4 d6 10. Bg5 c5 11. Re1 cxd4 12. Nxd4 0-0 13. Qd2 Ng4 14. Nd5 Re8 15. Nb5 Rc8 16. Bh3 Rxc4 17. f3 Ne5 18. Bg2 f6 19. Be3 Bxd5 20. exd5 Rb4 21. Nd4 Nc4 22. Qc3 Nc7 23. Nc6 Nxd5 24. Nxd8 Nxc3 25. bxc3 Rb2 26. Ne6 Bh8 27. Bd4 Ne5 28. f4 Ng4 29. Bd5 Kh7 30. c4 Rd2 31. Bxb6 f5 32. Bxa5 Rd3 33. Ng5+ Kh6 34. Nf7+ Kh7 35. Ng5+ Kh6 36. Nf7+ Kh7 37. Nxd6 Rxg3+ 38. Kh1 exd6 39. Rxe8 Bxa1 40. Re7+ Bg7 41. Bc3 Rxc3 42. a4 Re3 43. Rxe3 Nxe3 44. a5 Nxd5 45. cxd5 Bd4 46. a6 Kg7 47. Kg2 Ba7 48. Kf3 Kf6 0-1

[Event "Titled Tuesday intern op 23rd Jul Late"]
[Site "Chess.com INT"]
[Date "2024.07.23"]
[Round "3"]
[White "Huseynova, Lala"]
[Black "Fernandez Pozas, Pablo Antonio"]
[Result "1-0"]
[WhiteElo "1972"]
[BlackElo "2126"]
[PlyCount "101"]
[EventDate "2024.07.23"]
[EventType "swiss (blitz)"]
[EventRounds "11"]
[EventCountry "USA"]
[SourceTitle "EXT 2025"]
[Source "ChessBase"]
[SourceDate "2024.10.14"]
[SourceVersion "1"]
[SourceVersionDate "2024.10.14"]
[SourceQuality "1"]

1. e4 c6 2. Nf3 d5 3. Nc3 dxe4 4. Nxe4 Nf6 5. Qe2 Nxe4 6. Qxe4 Nd7 7. Bc4 Nf6 8. Ne5 Nd5 9. Qf3 Be6 10. d4 g6 11. 0-0 Bg7 12. Re1 0-0 13. c3 Qd6 14. Bb3 Rad8 15. c4 Nb4 16. Be3 c5 17. Rad1 Bc8 18. a3 cxd4 19. Bxd4 Nc6 20. Nxc6 Qxc6 21. Qxc6 bxc6 22. Bxg7 Rxd1 23. Bxd1 Kxg7 24. Rxe7 Be6 25. Rxa7 Rd8 26. Bf3 Bxc4 27. h4 Rd2 28. Rb7 Bd5 29. Bxd5 cxd5 30. b4 d4 31. a4 d3 32. a5 Rd1+ 33. Kh2 d2 34. Rd7 Rb1 35. Rxd2 Rxb4 36. g3 Ra4 37. Rd5 h5 38. Kg2 Kh7 39. Kf3 Kg7 40. Ke3 Ra1 41. Kd3 Ra3+ 42. Kc4 Ra4+ 43. Kb5 Ra2 44. a6 Rxf2 45. Kb6 Rb2+ 46. Rb5 Re2 47. a7 Re6+ 48. Kb7 Re7+ 49. Ka6 Re8 50. Rb8 Re6+ 51. Kb5 1-0

[Event "Titled Tuesday intern op 23rd Jul Late"]
[Site "Chess.com INT"]
[Date "2024.07.23"]
[Round "5"]
[White "Sanguinetti, Luis"]
[Black "Fernandez Pozas, Pablo Antonio"]
[Result "1-0"]
[WhiteElo "2178"]
[BlackElo "2126"]
[PlyCount "58"]
[EventDate "2024.07.23"]
[EventType "swiss (blitz)"]
[EventRounds "11"]
[EventCountry "USA"]
[SourceTitle "EXT 2025"]
[Source "ChessBase"]
[SourceDate "2024.10.14"]
[SourceVersion "1"]
[SourceVersionDate "2024.10.14"]
[SourceQuality "1"]

1. Nf3 Nf6 2. d4 e6 3. Bf4 c5 4. e3 d5 5. Nbd2 Bd6 6. Bg3 Qc7 7. c3 0-0 8. Bd3 Nbd7 9. 0-0 e5 10. e4 dxe4 11. Nxe4 Nxe4 12. Bxe4 exd4 13. Bxd6 Qxd6 14. cxd4 Nf6 15. dxc5 Qxc5 16. Rc1 Qb6 17. Qc2 Nxe4 18. Qxe4 Qxb2 19. Ng5 g6 20. Rc7 Qf6 21. Qh4 Qg7 22. Re1 h6 23. Ne4 g5 24. Qg3 Be6 25. h4 g4 26. Qf4 Bxa2 27. Nf6+ Kh8 28. Re5 Rad8 29. Rh5 g3 1-0

[Event "MEX-ch"]
[Site "Pachuca"]
[Date "2024.05.18"]
[Round "8"]
[White "Fernandez Pozas, Pablo Antonio"]
[Black "Garcia Almaguer, Juan Manuel"]
[Result "1-0"]
[WhiteElo "2096"]
[BlackElo "2126"]
[PlyCount "89"]
[EventDate "2024.05.14"]
[EventType "swiss"]
[EventRounds "9"]
[EventCountry "MEX"]
[SourceTitle "CBM 220 Extra"]
[Source "ChessBase"]
[SourceDate "2024.07.31"]
[SourceVersion "1"]
[SourceVersionDate "2024.07.31"]
[SourceQuality "1"]

1. d4 d5 2. c4 e6 3. Nf3 Nf6 4. Nc3 c6 5. cxd5 exd5 6. Qc2 Be7 7. Bg5 g6 8. e3 Bf5 9. Bd3 Bxd3 10. Qxd3 0-0 11. 0-0 Nbd7 12. Rab1 a5 13. Rfc1 Re8 14. Bf4 Bf8 15. Ne5 Nh5 16. Na4 Nxe5 17. Bxe5 f6 18. Bg3 Bh6 19. Nc5 Re7 20. Qb3 Nxg3 21. hxg3 Qe8 22. Rc3 f5 23. Qc2 Qf7 24. b4 axb4 25. Rxb4 Rae8 26. Rcb3 g5 27. Nxb7 Rf8 28. Qxc6 Bg7 29. Rb5 Bxd4 30. Qxd5 Ba7 31. Nd6 Qxd5 32. Rxd5 Rd7 33. Nxf5 Rxd5 34. Ne7+ Kf7 35. Nxd5 Ke6 36. Nc3 Rc8 37. a4 Bb8 38. Nb5 Rc1+ 39. Kh2 Be5 40. f4 Bf6 41. a5 Be7 42. a6 Ra1 43. Rc3 Bd8 44. a7 Kd7 45. Ra3 1-0

[Event "MEX-ch"]
[Site "Pachuca"]
[Date "2024.05.17"]
[Round "6"]
[White "Diaz Rosas, Julio Cesar"]
[Black "Fernandez Pozas, Pablo Antonio"]
[Result "1-0"]
[WhiteElo "2406"]
[BlackElo "2096"]
[PlyCount "51"]
[EventDate "2024.05.14"]
[EventType "swiss"]
[EventRounds "9"]
[EventCountry "MEX"]
[SourceTitle "CBM 220 Extra"]
[Source "ChessBase"]
[SourceDate "2024.07.31"]
[SourceVersion "1"]
[SourceVersionDate "2024.07.31"]
[SourceQuality "1"]

1. d4 e6 2. c4 Nf6 3. g3 c5 4. d5 exd5 5. cxd5 d6 6. a4 g6 7. Bg2 Bg7 8. Nf3 0-0 9. Nfd2 Nbd7 10. Na3 Re8 11. 0-0 a6 12. Ndc4 Ne5 13. a5 Nxc4 14. Nxc4 Ng4 15. Bf4 Ne5 16. Nb6 Rb8 17. Qa4 h6 18. Rac1 Nd7 19. Bxd6 Nxb6 20. axb6 Bd7 21. Qa3 Rxe2 22. Bxb8 Bxb2 23. Qf3 Bxc1 24. Qxe2 Bb5 25. Qe5 Bxf1 26. Bxf1 1-0

[Event "Carlos Torre Memorial op 33rd"]
[Site "Merida"]
[Date "2023.12.17"]
[Round "6"]
[White "Fernandez Pozas, Pablo Antonio"]
[Black "Blanco Amaro, Guillermo J"]
[Result "1/2-1/2"]
[WhiteElo "2110"]
[BlackElo "1971"]
[PlyCount "63"]
[EventDate "2023.12.15"]
[EventType "swiss"]
[EventRounds "9"]
[EventCountry "MEX"]
[SourceTitle "CBM 217 Extra"]
[Source "ChessBase"]
[SourceDate "2024.01.31"]
[SourceVersion "1"]
[SourceVersionDate "2024.01.31"]
[SourceQuality "1"]

1. d4 Nf6 2. c4 e6 3. Nc3 d5 4. cxd5 exd5 5. Bg5 Be7 6. e3 c6 7. Bd3 0-0 8. Qc2 h6 9. Bh4 Re8 10. Nge2 Nbd7 11. 0-0 b5 12. f3 Bb7 13. Bf2 Nb6 14. h3 b4 15. Na4 Nxa4 16. Qxa4 c5 17. Rac1 Qb6 18. Qd1 a5 19. Bf5 Ba6 20. Re1 a4 21. Bb1 Bxe2 22. Rxe2 cxd4 23. Qxd4 Qe6 24. e4 dxe4 25. fxe4 Rac8 26. Ree1 Nd7 27. Qd5 Bf6 28. Qxe6 fxe6 29. Rxc8 Rxc8 30. Bd3 Bxb2 31. Bb5 Nc5 32. Bxc5 1/2-1/2

[Event "Carlos Torre Memorial op 33rd"]
[Site "Merida"]
[Date "2023.12.17"]
[Round "5"]
[White "Gonzalez, Tun Aaron"]
[Black "Fernandez Pozas, Pablo Antonio"]
[Result "0-1"]
[WhiteElo "1966"]
[BlackElo "2110"]
[PlyCount "78"]
[EventDate "2023.12.15"]
[EventType "swiss"]
[EventRounds "9"]
[EventCountry "MEX"]
[SourceTitle "CBM 217 Extra"]
[Source "ChessBase"]
[SourceDate "2024.01.31"]
[SourceVersion "1"]
[SourceVersionDate "2024.01.31"]
[SourceQuality "1"]

1. e4 e6 2. d4 d5 3. Nc3 Bb4 4. e5 c5 5. a3 Bxc3+ 6. bxc3 Qa5 7. Bd2 Qa4 8. Rb1 c4 9. Bc1 Nc6 10. h4 Nge7 11. h5 h6 12. g4 b6 13. Nh3 Bd7 14. Nf4 0-0-0 15. Bh3 Rde8 16. 0-0 Reg8 17. Kh2 Rf8 18. Rg1 g5 19. hxg6 fxg6 20. g5 hxg5 21. Rxg5 Rf7 22. Rg2 Rfh7 23. Rg5 Nd8 24. Kg2 Nf7 25. Rg3 g5 26. Ne2 Nf5 27. Bxf5 exf5 28. Bxg5 Nxg5 29. Rxg5 Qc6 30. Qd2 Rh2+ 31. Kf1 Qh6 32. Ke1 Qh4 33. Ng1 f4 34. Nf3 Rh1+ 35. Ke2 Bg4 36. Rxh1 Bxf3+ 37. Kxf3 Qxh1+ 38. Ke2 f3+ 39. Ke3 Rh4 0-1

[Event "Carlos Torre Memorial op 33rd"]
[Site "Merida"]
[Date "2023.12.15"]
[Round "1"]
[White "Budisavljevic, Luka"]
[Black "Fernandez Pozas, Pablo Antonio"]
[Result "1-0"]
[WhiteElo "2476"]
[BlackElo "2110"]
[PlyCount "109"]
[EventDate "2023.12.15"]
[EventType "swiss"]
[EventRounds "9"]
[EventCountry "MEX"]
[SourceTitle "CBM 217 Extra"]
[Source "ChessBase"]
[SourceDate "2024.01.31"]
[SourceVersion "1"]
[SourceVersionDate "2024.01.31"]
[SourceQuality "1"]

1. d4 e6 2. c4 Nf6 3. Nf3 b6 4. e3 Bb7 5. Bd3 Be7 6. 0-0 0-0 7. Nc3 d5 8. cxd5 exd5 9. b3 Nbd7 10. Bb2 c5 11. Rc1 Re8 12. Ne5 Ne4 13. Bb5 Nxe5 14. Bxe8 Nxc3 15. Bxc3 Ng6 16. Bb5 c4 17. b4 Bd6 18. Ba4 Qh4 19. g3 Qh3 20. Qd2 Nh4 21. f4 Nf5 22. Rce1 Bf8 23. Bc2 Nd6 24. f5 Re8 25. a4 a6 26. b5 a5 27. Bb2 Ne4 28. Bxe4 Rxe4 29. Rf4 Re8 30. Qf2 Be7 31. Qg2 Qh6 32. h4 Bd6 33. Rf3 Re4 34. Bc3 Bc8 35. Re2 g5 36. hxg5 Qxg5 37. Qf2 h5 38. Kf1 Rg4 39. Be1 Kg7 40. Rc2 Kf6 41. Qg2 Re4 42. Re2 Qg4 43. Qh1 Kg7 44. Rh2 Bxf5 45. Rxh5 Bg6 46. Rh8 Qg5 47. Kf2 Rg4 48. Re8 Bh5 49. Qh3 Bb4 50. Re5 Bxe1+ 51. Kxe1 Qg6 52. Qxh5 Qb1+ 53. Kf2 Qc2+ 54. Kg1 Qd1+ 55. Kg2 1-0

[Event "MEX-ch"]
[Site "Mexico City"]
[Date "2023.11.11"]
[Round "8"]
[White "Fernandez Pozas, Pablo Antonio"]
[Black "Real Pereyra, Jeronimo"]
[Result "1-0"]
[WhiteElo "2101"]
[BlackElo "2172"]
[PlyCount "65"]
[EventDate "2023.11.07"]
[EventType "swiss"]
[EventRounds "9"]
[EventCountry "MEX"]
[SourceTitle "CBM 217 Extra"]
[Source "ChessBase"]
[SourceDate "2024.01.31"]
[SourceVersion "1"]
[SourceVersionDate "2024.01.31"]
[SourceQuality "1"]

1. d4 Nf6 2. c4 e6 3. Nc3 Bb4 4. e3 0-0 5. Bd3 c5 6. Nge2 d5 7. cxd5 exd5 8. 0-0 Nc6 9. a3 Bxc3 10. bxc3 c4 11. Bb1 Re8 12. f3 b5 13. Ng3 h5 14. Ra2 a5 15. Qe1 Rb8 16. e4 h4 17. Nh1 Nh7 18. e5 b4 19. Be3 bxc3 20. f4 Rb3 21. Bxh7+ Kxh7 22. f5 Nxe5 23. dxe5 Rxe5 24. f6 g5 25. Qd1 Kh6 26. Bd4 Rf5 27. Raf2 Rxf2 28. Nxf2 Qd6 29. Ng4+ Bxg4 30. Qxg4 c2 31. Qf5 Rb1 32. Be3 Rxf1+ 33. Kxf1 1-0

[Event "Carlos Torre Memorial op 32nd"]
[Site "Merida"]
[Date "2022.12.20"]
[Round "8"]
[White "Diaz Rosas, Julio Cesar"]
[Black "Fernandez Pozas, Pablo Antonio"]
[Result "1-0"]
[WhiteElo "2324"]
[BlackElo "2063"]
[PlyCount "67"]
[EventDate "2022.12.16"]
[EventType "swiss"]
[EventRounds "9"]
[EventCountry "MEX"]
[SourceTitle "CBM 212 Extra"]
[Source "ChessBase"]
[SourceDate "2023.03.31"]
[SourceVersion "1"]
[SourceVersionDate "2023.03.31"]
[SourceQuality "1"]

1. e4 e6 2. d4 d5 3. e5 c5 4. c3 Nc6 5. Nf3 Bd7 6. Bd3 Rc8 7. 0-0 cxd4 8. a3 dxc3 9. Nxc3 Nge7 10. Re1 Ng6 11. g3 Bc5 12. h4 f6 13. exf6 0-0 14. fxg7 Kxg7 15. Kg2 e5 16. Bg5 Qe8 17. Nxd5 Qe6 18. Ne3 h6 19. Bxg6 Kxg6 20. Qc2+ Kg7 21. Bxh6+ Kxh6 22. Ng5 Qe7 23. Nd5 Nd4 24. Qd2 Rxf2+ 25. Qxf2 Bc6 26. Rxe5 Qxe5 27. Nf7+ Kg7 28. Nxe5 Bxd5+ 29. Kh3 Rf8 30. Qd2 Rf5 31. Re1 Be6 32. g4 Nf3 33. Nxf3 Rxf3+ 34. Kg2 1-0

[Event "Carlos Torre Memorial op 32nd"]
[Site "Merida"]
[Date "2022.12.18"]
[Round "5"]
[White "Fernandez Pozas, Pablo Antonio"]
[Black "Portal Ramos, Cristian"]
[Result "1-0"]
[WhiteElo "2063"]
[BlackElo "2274"]
[PlyCount "61"]
[EventDate "2022.12.16"]
[EventType "swiss"]
[EventRounds "9"]
[EventCountry "MEX"]
[SourceTitle "CBM 212 Extra"]
[Source "ChessBase"]
[SourceDate "2023.03.31"]
[SourceVersion "1"]
[SourceVersionDate "2023.03.31"]
[SourceQuality "1"]

1. d4 Nf6 2. c4 g6 3. Nc3 d5 4. cxd5 Nxd5 5. e4 Nxc3 6. bxc3 Bg7 7. Nf3 c5 8. Rb1 0-0 9. Be2 Nc6 10. d5 Ne5 11. Nxe5 Bxe5 12. Qd2 e6 13. f4 Bc7 14. 0-0 exd5 15. exd5 Qd6 16. c4 Rb8 17. Bb2 f6 18. Rbe1 Bd7 19. h3 a6 20. Bg4 Bxg4 21. hxg4 Rbe8 22. Rxe8 Rxe8 23. g5 Re4 24. Bxf6 Rxf4 25. Re1 Rf5 26. Re8+ Kf7 27. Re7+ Kf8 28. Rxh7 Qg3 29. Rh3 Qf4 30. Qxf4 Bxf4 31. g4 1-0

[Event "Iberoamerican-ch 8th"]
[Site "Mexico City"]
[Date "2022.02.18"]
[Round "8"]
[White "Fernandez Pozas, Pablo Antonio"]
[Black "Benito, De Leo Estefania"]
[Result "1-0"]
[WhiteElo "2072"]
[BlackElo "1657"]
[PlyCount "69"]
[EventDate "2022.02.12"]
[EventType "swiss"]
[EventRounds "9"]
[EventCountry "MEX"]
[SourceTitle "CBM 206 Extra"]
[Source "ChessBase"]
[SourceDate "2022.03.31"]
[SourceVersion "1"]
[SourceVersionDate "2022.03.31"]
[SourceQuality "1"]

1. d4 Nf6 2. c4 g6 3. Nc3 d5 4. cxd5 Nxd5 5. e4 Nxc3 6. bxc3 Bg7 7. Nf3 0-0 8. Be2 c5 9. Be3 Qa5 10. 0-0 Rd8 11. Qb3 Nc6 12. d5 Ne5 13. Nxe5 Bxe5 14. Rac1 a6 15. f4 Bg7 16. c4 Qc7 17. e5 Bf5 18. Bf3 h5 19. h3 Rab8 20. Qa3 b6 21. Rf2 Bc8 22. g4 h4 23. Re2 g5 24. Rce1 f6 25. Bd2 gxf4 26. Bxf4 fxe5 27. Bxe5 Bxe5 28. Rxe5 Rf8 29. Qe3 Rf7 30. Qh6 e6 31. d6 Qd7 32. Bc6 Qa7 33. d7 Rg7 34. d8Q+ Kf7 35. Rf1# 1-0

[Event "Iberoamerican-ch 8th"]
[Site "Mexico City"]
[Date "2022.02.16"]
[Round "6"]
[White "Fernandez Pozas, Pablo Antonio"]
[Black "Hernandez Diaz, Paula Sofia"]
[Result "1-0"]
[WhiteElo "2072"]
[BlackElo "1762"]
[PlyCount "107"]
[EventDate "2022.02.12"]
[EventType "swiss"]
[EventRounds "9"]
[EventCountry "MEX"]
[SourceTitle "CBM 206 Extra"]
[Source "ChessBase"]
[SourceDate "2022.03.31"]
[SourceVersion "1"]
[SourceVersionDate "2022.03.31"]
[SourceQuality "1"]

1. d4 d5 2. c4 e6 3. Nc3 c5 4. cxd5 exd5 5. Nf3 Nc6 6. g3 Nf6 7. Bg2 Be7 8. 0-0 0-0 9. Bg5 Be6 10. Rc1 cxd4 11. Nxd4 Nxd4 12. Qxd4 Qa5 13. h3 Rfd8 14. Rfd1 h6 15. Be3 b6 16. Qf4 Rac8 17. Bd4 Bd6 18. Qd2 Be7 19. a3 Ne8 20. Ra1 Bf6 21. e3 Bxd4 22. Qxd4 Nf6 23. Rd2 Qc5 24. Qxc5 bxc5 25. Rad1 Kf8 26. Nxd5 Nxd5 27. g4 Ke7 28. Bxd5 Bxd5 29. Rxd5 Rxd5 30. Rxd5 Ke6 31. e4 Rc7 32. Kg2 c4 33. Ra5 Rb7 34. Rc5 Rxb2 35. Rxc4 Rb3 36. Ra4 Rb7 37. Ra5 Kd6 38. Kg3 Kc6 39. Kf4 Kb6 40. Rd5 Rc7 41. a4 a5 42. Ke5 Re7+ 43. Kd4 Rc7 44. Rd6+ Kb7 45. f4 Ka7 46. e5 Kb7 47. f5 Re7 48. Kd5 Kc7 49. e6 fxe6+ 50. fxe6 g6 51. Ra6 Kb7 52. Rxa5 Kb6 53. Rb5+ Ka6 54. Kd6 1-0